01188cam a22003494a 450000100040000000500170000402000150002102000180003604000230005405000180007708200130009510000180010824501580012625000160028426000370030030000400033749000370037750000290041450500080044352001390045152100200059052100200061065000320063065000150066265000160067765000150069365000130070865000170072170000240073870000310076270000450079380720230908162103.0 a0375813586 a9780439660464 aDLCcDLCdDLCbeng00aPZ7 QC941.O7800aFic 2211 aOsborne, Will10aTwisters and other terrible storms :ba nonfiction companion to Twister on Tuesday cby Will Osborne and Mary Pope Osborne ; illustrated by Sal Murdocca. a1st edition aNew York :bRandom House,c2003. a119 pages :billustrations ;c20 cm aMagic Tree House3Research Guide a"A stepping stone book." aR  aDescribes the changing nature of weather and how meteorologists predict and study such storms as tornadoes, hurricanes, and blizzards. a740 bLexile  aR bRaz-Plus  0aSevere stormsvNon-fiction. 1aTornadoes. 1aHurricanes. 1aBlizzards. 1aWeather. 1aMeteorology.1 aOsborne, Mary Pope.1 aMurdocca, Saleillustrator1 aOsborne, Mary Pope.tTwister on Tuesday.